| 000 | 01268pam a2200313 a 4500 | ||
|---|---|---|---|
| 999 |
_c527560 _d527560 |
||
| 001 | 2879905 | ||
| 003 | NUST | ||
| 005 | 20190730111053.0 | ||
| 008 | 861106s1987 nyu b 001 0 eng | ||
| 010 | _a 86029177 | ||
| 020 |
_a1555460755 (alk. paper) : _c$24.50 |
||
| 038 | _aMuhammad Ibrahim | ||
| 040 |
_aDLC _cDLC _dDLC |
||
| 042 | _alcac | ||
| 050 | 0 | 0 |
_aPQ2631.R63 _bA832 1987 |
| 082 | 0 | 0 |
_a843.912 _219 |
| 245 | 0 | 0 |
_aMarcel Proust's Remembrance of things past / _cedited and with an introduction by Harold Bloom. |
| 260 |
_aNew York : _bRandom House, _c1934. |
||
| 300 |
_a2 vol _c25 cm. |
||
| 440 | 0 |
_aModern critical interpretations _918891 |
|
| 500 | _avol 1 Swann's ways Within a budding grove The Guermantes Way Vol 1 vol 2 Cities of the Plain The captive The Sweet Cheat Gone The Past recaptured | ||
| 520 | _aA collection of critical essays on Proust's "Remembrance of Things Past" arranged in chronological order of publication. | ||
| 600 | 1 | 0 |
_aProust, Marcel, _d1871-1922. _918892 |
| 600 | 1 | 1 |
_aProust, Marcel, _tRemembrance of things past. _918893 |
| 650 | 1 |
_aFrench literature _xHistory and criticism. _918894 |
|
| 700 | 1 |
_aBloom, Harold. _911484 |
|
| 906 |
_a7 _bcbc _corignew _d1 _eocip _f19 _gy-gencatlg |
||
| 942 |
_2ddc _cBK |
||